02165nam a2200373Ia 4500001001000000003000500010005001700015007000300032008004100035010001100076020002200087040001800109050002900127082002200156100002600178240004800204245010500252250001800357250001800375264004300393300003400436505016600470520088400636650003201520650002701552650001201579650004201591650001501633650001601648650001401664650004001678700002401718700004901742Para_9004CHAP20250204114443.0ta220125s2003 sp a gr 001 1 spa d a207782 a978-84-7720-685-9 cCHAPamxchpua10aPS3511.I73 b.09518 201500aPA 646.7 bF52201 aFisher, Roberteautor14aThe owl who didn´t give a hoot.lEspañol13aEl búho que no podía ulular /cpor Robert Fisher y Beth Kelly ; traductora Verónica d'Ornellas a26a edición a47a edición aBarcelona, España :bObelisco,c2015 a99 páginas :bilustraciones0 aEl buho que no podía ulular -- La cuclilla que no quería cantar cucú -- La más pequeña de las mariposas -- La perrita preocupada y el grillo consciente2 aEl búho que no podía ulular es una recopilación de cuatro cuentos con los que Robert Fisher y Beth Kelly le recuerdan al niño que hay dentro de todos nosotros algunas ideas importantes que hemos perdido en nuestro viaje por la edad adulta. Sus protagonistas son un búho y un pato que no saben pronunciar lo que se supone que dicen los búhos y los patos, una cuclilla que buscaba hacer suyo el canto de otro pájaro, una pequeña mariposa que decide aprovechar al máximo el único día de su vida y una perrita lebrel atemorizada por todo. Escritos en clave de fábula, estos cuentos nos ayudan a identificar nuestros temores, nuestras inquietudes y nuestras dudas. Su lectura invita a la reflexión. Su mensaje es sencillo: si nos llenamos de amor, no dejamos espacio para el odio. Una enseñanza en apariencia sencilla, pero muchas veces también olvidada.13aMotivación (psicología)13aSuperación personal 17aCuentos10aLiteratura norteamericana y Siglo XX13aAutoestima13aSelf-esteem13aStories 10aAmerican literaturey20th century  aKelly, Betheautora ad'Ornellas Radziwill, Verónicaetraductora